000 01339nam a2200349 i 4500
003 EG-GICUC
005 20260228101320.0
008 260201s1996 ua |||f |||| 00| 0 ara d
017 _a7871
020 _a2010143
040 _a EG-GICUC
_bara
_c EG-GICUC
_d EG-GICUC
_erda
041 0 _aAra
082 0 4 _221
_a343.1
_bم ص . ت
092 0 4 _221
099 _aLaw1 10 343.1 م ص . ت 1969
100 0 _aمصطفى مجدى هرجه
_eمؤلف.
245 1 2 _aالتعليق على قانون العقوبات.
_nالمجلد الأول /
_cتأليف المستشار مصطفى مجدى هرجه.
264 1 _aالقاهرة :
_bدار محمود للنشر والتوزيع،
_c1996.
300 _a1510 ؛صفحة
_c24 سم.
336 _2rda content
_atext
337 _2rda media
_aComputer
338 _2rda carrier
_aOnline Resource
490 _aالموسوعة القضائية الحديثة
505 _aالمجلد الأول يحتوى على المادة من ١ وحتى المادة ٢٣٠
546 _aالنص باللغة العربية
650 1 _aقانون العقوبات - القسم العام
_2qrmak
650 1 _aالقانون الجنائى
_2qrmak
651 1 _2qrmak
856 4 0 _uhttps://fll.law.cu.edu.eg/fulltext/bks/B10-08755.pdf
905 _a54
942 _2ddc
_cBK
_e21
_n0
999 _c60190
_d60190